Faculty of Law Library — Cairo University

Official Online Catalog

Les Aspects Juridiques Du Développement Économique / (Record no. 45469)

MARC details
000 -LEADER
fixed length control field 01225nam a2200325 i 4500
003 - CONTROL NUMBER IDENTIFIER
control field EG-GICUC
005 - DATE AND TIME OF LATEST TRANSACTION
control field 20260121101334.0
008 - FIXED-LENGTH DATA ELEMENTS--GENERAL INFORMATION
fixed length control field 251123s1966 fr d|||f |||| 000 0 fre d
040 ## - CATALOGING SOURCE
Original cataloging agency EG-GiCUC
Language of cataloging fre
Transcribing agency EG-GiCUC
Modifying agency EG-GiCUC
Description conventions Rda
041 0# - LANGUAGE CODE
Language code of text/sound track or separate title fre
082 04 - DEWEY DECIMAL CLASSIFICATION NUMBER
Edition number 21
Classification number 338.9
Item number TU . A
092 04 - LOCALLY ASSIGNED DEWEY CALL NUMBER (OCLC)
Edition number 21
099 ## - LOCAL FREE-TEXT CALL NUMBER (OCLC)
Classification number Law1 13 338.9 TU . A 1966
100 1# - MAIN ENTRY--PERSONAL NAME
Personal name Tunc, André
Relator term Auteur
245 14 - TITLE STATEMENT
Title Les Aspects Juridiques Du Développement Économique /
Statement of responsibility, etc. André Tunc, Konrad Zweigert.
246 14 - VARYING FORM OF TITLE
Title proper/short title Legal Aspects Of Economic Development
264 1# - PRODUCTION, PUBLICATION, DISTRIBUTION, MANUFACTURE, AND COPYRIGHT NOTICE
Place of production, publication, distribution, manufacture Paris :
Name of producer, publisher, distributor, manufacturer Librairie Dalloz,
Date of production, publication, distribution, manufacture, or copyright notice 1966.
300 ## - PHYSICAL DESCRIPTION
Extent 206 page :
Other physical details illustration ; tableaux
Dimensions 24 cm.
336 ## - CONTENT TYPE
Source rda contenu
Content type term texte
337 ## - MEDIA TYPE
Source rda medias
Media type term Ordinateur
338 ## - CARRIER TYPE
Source transporteur rda
Carrier type term Ressource en ligne
500 ## - GENERAL NOTE
General note Etudes Préparées À La Requête De L'unesco Qui En A Autorisé La Publication Surveys Made At The Request Of Unesco Wich Has Authorized These Publication
546 ## - LANGUAGE NOTE
Language note Texte en français
650 14 - SUBJECT ADDED ENTRY--TOPICAL TERM
Topical term or geographic name entry element Finances publiques et législation fiscale
Source of heading or term qrmak
651 1# - SUBJECT ADDED ENTRY--GEOGRAPHIC NAME
Source of heading or term qrmak
700 1# - ADDED ENTRY--PERSONAL NAME
Personal name Zweigert, Konrad
Relator term Président
856 40 - ELECTRONIC LOCATION AND ACCESS
Uniform Resource Identifier <a href="https://fll.law.cu.edu.eg/fulltext/bks/B13-07598.pdf">https://fll.law.cu.edu.eg/fulltext/bks/B13-07598.pdf</a>
905 ## - Cataloger and Reviser Names
Cataloger Name: Hassnaa
942 ## - ADDED ENTRY ELEMENTS (KOHA)
Source of classification or shelving scheme Dewey Decimal Classification
Koha item type Books
Edition 21
Suppress in OPAC No
Holdings
Withdrawn status Lost status Source of classification or shelving scheme Damaged status Not for loan Collection Home library Current library Date acquired Total checkouts Full call number Barcode Date last seen Copy number Price effective from Koha item type
    Dewey Decimal Classification     المالية العامة والتشريع الضريبي جــــامعة القــاهرة مكتبة كلية الحقوق - المبنى الرئيسي 23.11.2025   Law1 13 338.9 TU . A 1966 1307629 C2 B13-07629 23.11.2025 2 23.11.2025 Books
    Dewey Decimal Classification   Not for loan المالية العامة والتشريع الضريبي جــــامعة القــاهرة مكتبة كلية الحقوق - المبنى الرئيسي 07.01.2026   Law1 13 338.9 TU . A 1966 1307598 C1 B13-07598 07.01.2026 1 07.01.2026 Books

© All rights reserved — Faculty of Law, Cairo University